[Event "I Festival di Pavia A"]
[Site "Vigevano ITA"]
[Date "2009.02.15"]
[Round "5"]
[White "Cappai, Davide"]
[Black "Napoli, Nicolo'"]
[Result "0-1"]
[WhiteElo "2120"]
[BlackElo "2313"]
[PlyCount "37"]
[EventDate "2009.02.13"]

1. b3 b5 2. a4 b4 3. Bb2 Bb7 4. f4 Nf6 5. e3 g6 6. Nf3 Bg7 7. Be2 d6 8. O-O O-O
9. Qe1 Nbd7 10. Qh4 e5 11. f5 gxf5 12. Qg5 h6 13. Qxf5 Be4 14. Qh3 Bxc2 15. d3
Nc5 16. Nh4 Nxd3 17. Qf5 Nh7 18. g3 Qg5 19. Qe4 0-1

[Event "I Festival di Pavia A"]
[Site "Vigevano ITA"]
[Date "2009.02.15"]
[Round "5"]
[White "Ceccarini, Marco"]
[Black "Pedini, Dario"]
[Result "0-1"]
[WhiteElo "2091"]
[BlackElo "2153"]
[PlyCount "72"]
[EventDate "2009.02.13"]

1. e4 e5 2. d4 exd4 3. Qxd4 Nc6 4. Qe3 Nf6 5. Nc3 Bb4 6. Bd2 O-O 7. O-O-O Re8
8. Bc4 d6 9. f3 Ne5 10. Bb3 a5 11. a3 Bc5 12. Qe1 c6 13. Na4 b5 14. Nxc5 dxc5
15. Bg5 Qe7 16. f4 Ng6 17. e5 h6 18. Nf3 hxg5 19. exf6 gxf6 20. fxg5 fxg5 21.
Qg3 c4 22. Rhe1 Be6 23. Nxg5 Qf6 24. Ne4 Qg7 25. Qg5 cxb3 26. Nf6+ Kf8 27. Nxe8
Rxe8 28. Rd8 Qg8 29. Rxe8+ Kxe8 30. Rd1 Ne7 31. Qd2 Bd5 32. Qxa5 Qxg2 33. Qa8+
Kd7 34. Qa7+ Ke6 35. cxb3 f5 36. h4 Qg3 0-1

[Event "I Festival di Pavia A"]
[Site "Vigevano ITA"]
[Date "2009.02.15"]
[Round "5"]
[White "Codenotti, Marco"]
[Black "Radice, Luca"]
[Result "1-0"]
[WhiteElo "1992"]
[BlackElo "2096"]
[PlyCount "69"]
[EventDate "2009.02.13"]

1. e4 e6 2. d3 d5 3. Nd2 Nf6 4. Ngf3 c5 5. g3 Nc6 6. Bg2 Be7 7. O-O Qc7 8. Re1
b6 9. c3 Bb7 10. a3 h6 11. Qc2 O-O-O 12. b4 dxe4 13. Nxe4 Nxe4 14. dxe4 g5 15.
Be3 Ne5 16. Nxe5 Qxe5 17. a4 a6 18. a5 b5 19. c4 cxb4 20. cxb5+ Kb8 21. f4 Qc3
22. Qf2 e5 23. Rac1 Qb3 24. Bf1 axb5 25. Bxb5 exf4 26. Ba7+ Ka8 27. a6 Bxa6 28.
Bc6+ Bb7 29. Bxb7+ Kxb7 30. Qb6+ Ka8 31. Bb8 Qa3 32. Ra1 Rd7 33. Rxa3+ bxa3 34.
Be5 Rhd8 35. Bc7 1-0

[Event "I Festival di Pavia A"]
[Site "Vigevano ITA"]
[Date "2009.02.15"]
[Round "5"]
[White "Dvirnyy, Danyyil"]
[Black "Korneev, Oleg"]
[Result "1/2-1/2"]
[WhiteElo "2444"]
[BlackElo "2613"]
[PlyCount "57"]
[EventDate "2009.02.13"]

1. e4 c5 2. Nf3 e6 3. d4 cxd4 4. Nxd4 a6 5. c4 Nf6 6. Nc3 Qc7 7. a3 b6 8. Be3
Bb7 9. f3 d6 10. Rc1 Be7 11. Qd2 O-O 12. Be2 Nbd7 13. O-O Rac8 14. b4 Rfe8 15.
Rfd1 Qb8 16. Bf1 Bd8 17. Kh1 Bc7 18. Bg1 Ne5 19. Rc2 h5 20. Na4 h4 21. c5 dxc5
22. bxc5 b5 23. c6 Nxc6 24. Nxc6 Bxc6 25. Rxc6 bxa4 26. Qe1 Bd8 27. Rxc8 Qxc8
28. Qxh4 Be7 29. Qe1 1/2-1/2

[Event "I Festival di Pavia A"]
[Site "Vigevano ITA"]
[Date "2009.02.15"]
[Round "5"]
[White "Efimov, Igor"]
[Black "Lenic, Luka"]
[Result "0-1"]
[WhiteElo "2439"]
[BlackElo "2547"]
[PlyCount "64"]
[EventDate "2009.02.13"]

1. e4 c5 2. Nf3 Nc6 3. d4 cxd4 4. Nxd4 e5 5. Nb5 d6 6. N1c3 a6 7. Na3 Be6 8.
Nc4 b5 9. Ne3 Nf6 10. Bd3 Be7 11. O-O O-O 12. a4 b4 13. Ncd5 Nd7 14. a5 Bg5 15.
Nc4 Bxc1 16. Qxc1 Nc5 17. Qe3 Bxd5 18. exd5 Nd4 19. f4 e4 20. Bxe4 Re8 21.
Bxh7+ Kxh7 22. Qh3+ Kg8 23. c3 bxc3 24. bxc3 Ndb3 25. Ra2 Re4 26. Ne3 Nxa5 27.
Rf3 Nc4 28. Ng4 Rb8 29. Nh6+ gxh6 30. Qxh6 Re3 31. h3 Rb1+ 32. Kh2 Rxf3 0-1

[Event "I Festival di Pavia A"]
[Site "Vigevano ITA"]
[Date "2009.02.15"]
[Round "5"]
[White "Fedorchuk, Sergey A."]
[Black "Bove, Alessandro"]
[Result "1-0"]
[WhiteElo "2633"]
[BlackElo "2288"]
[PlyCount "79"]
[EventDate "2009.02.13"]

1. e4 c5 2. Nf3 Nc6 3. Nc3 d6 4. d4 cxd4 5. Nxd4 Nf6 6. Bg5 e6 7. Qd2 a6 8.
O-O-O Bd7 9. f3 h6 10. Be3 b5 11. Nxc6 Bxc6 12. Kb1 Qc7 13. Bd3 Nd7 14. Rhe1
Be7 15. Qf2 Ne5 16. Qg3 Ng6 17. Qg4 Bf6 18. Nd5 Bxd5 19. exd5 Ne5 20. Qe4 Rc8
21. dxe6 fxe6 22. Bd4 Nxd3 23. Qxe6+ Kf8 24. Bxf6 Nxe1 25. Be7+ Qxe7 26. Qxc8+
Qe8 27. Qxe8+ Kxe8 28. Rxe1+ Kd7 29. c3 Rc8 30. Re4 Rc5 31. Rg4 g5 32. Kc2 Rf5
33. h4 gxh4 34. Rxh4 h5 35. Kd3 Rg5 36. g4 hxg4 37. fxg4 Rd5+ 38. Ke2 Ke6 39.
Rh6+ Kf7 40. Rh5 1-0

[Event "I Festival di Pavia A"]
[Site "Vigevano ITA"]
[Date "2009.02.15"]
[Round "5"]
[White "Gabetto, Flaviano"]
[Black "Delorme, Axel"]
[Result "0-1"]
[WhiteElo "2124"]
[BlackElo "2415"]
[PlyCount "84"]
[EventDate "2009.02.13"]

1. e4 e6 2. Nf3 d5 3. e5 c5 4. b4 cxb4 5. a3 Nc6 6. axb4 Bxb4 7. c3 Be7 8. d4
f6 9. Bd3 fxe5 10. Nxe5 Nf6 11. f4 O-O 12. O-O Nxe5 13. fxe5 Ne4 14. Rxf8+ Qxf8
15. Qe1 Bd7 16. Bxe4 dxe4 17. Nd2 Bc6 18. Nxe4 Qf5 19. Ng3 Qc2 20. Qd2 Qb3 21.
Ra2 a5 22. Qc2 Qxc2 23. Rxc2 a4 24. Ra2 Bd5 25. Ra1 a3 26. Nf1 b5 27. Ne3 Be4
28. Kf2 a2 29. c4 b4 30. Nf1 b3 31. Nd2 Bc2 32. c5 Ra4 33. Bb2 Kf8 34. g3 Ke8
35. h4 Kd7 36. Ke3 g5 37. Rh1 gxh4 38. gxh4 Bd8 39. Rg1 Bxh4 40. Nf3 Be7 41.
c6+ Kxc6 42. d5+ Kxd5 0-1

[Event "I Festival di Pavia A"]
[Site "Vigevano ITA"]
[Date "2009.02.15"]
[Round "5"]
[White "Kuzevanova, Evgenia"]
[Black "Sbarra, Marco"]
[Result "0-1"]
[WhiteElo "2131"]
[BlackElo "2191"]
[PlyCount "92"]
[EventDate "2009.02.13"]

1. e4 e5 2. Nf3 Nc6 3. d4 exd4 4. Nxd4 Nf6 5. Nxc6 bxc6 6. e5 Qe7 7. Qe2 Nd5 8.
c4 Ba6 9. g3 g6 10. b3 Bg7 11. Bb2 O-O 12. Bg2 Rae8 13. O-O Bxe5 14. Bxe5 Qxe5
15. Qxe5 Rxe5 16. cxd5 Bxf1 17. Kxf1 cxd5 18. Nc3 c6 19. Rd1 Rfe8 20. Bf3 Kf8
21. h4 Ke7 22. b4 Kd6 23. Na4 Rb8 24. Rd4 a5 25. a3 axb4 26. axb4 Ra8 27. Nc5
Ra1+ 28. Kg2 Ree1 29. h5 Rg1+ 30. Kh3 Ra3 31. hxg6 hxg6 32. Rf4 f5 33. Kh4 Ra2
34. Kg5 Rxf2 35. Kf6 Rxg3 36. Rh4 Rc2 37. Rh7 Rxc5 38. bxc5+ Kxc5 39. Bd1 Rg1
40. Be2 d6 41. Rg7 Kd4 42. Rxg6 Rxg6+ 43. Kxg6 Ke3 44. Ba6 f4 45. Bb7 d4 46.
Bxc6 d3 0-1

[Event "I Festival di Pavia A"]
[Site "Vigevano ITA"]
[Date "2009.02.15"]
[Round "5"]
[White "Kusnetsov, Mark"]
[Black "Astengo, Marcello"]
[Result "1-0"]
[WhiteElo "2038"]
[BlackElo "2123"]
[PlyCount "59"]
[EventDate "2009.02.13"]

1. Nf3 d5 2. g3 Nf6 3. Bg2 c5 4. O-O Nc6 5. d4 cxd4 6. Nxd4 Qb6 7. Nxc6 bxc6 8.
c4 e6 9. Nc3 Be7 10. cxd5 cxd5 11. e4 dxe4 12. Nxe4 Nd5 13. Nc3 Nxc3 14. bxc3
Bb7 15. Qa4+ Kf8 16. Be3 Qc7 17. Bf4 Qc8 18. Bxb7 Qxb7 19. Rab1 Qc8 20. Rfd1 g5
21. Qd4 Rg8 22. Be5 Bc5 23. Qe4 Rg6 24. Rb7 f5 25. Qg2 Qe8 26. Rxh7 Rd8 27. Re1
Rd5 28. Rh8+ Rg8 29. Qxd5 exd5 30. Bd6+ 1-0

[Event "I Festival di Pavia A"]
[Site "Vigevano ITA"]
[Date "2009.02.15"]
[Round "5"]
[White "Lupik, Marina"]
[Black "Burlando, Alessandro"]
[Result "1/2-1/2"]
[WhiteElo "2163"]
[BlackElo "2171"]
[PlyCount "72"]
[EventDate "2009.02.13"]

1. d4 Nf6 2. c4 g6 3. Nc3 Bg7 4. e4 d6 5. Be2 O-O 6. Nf3 e5 7. O-O Nc6 8. d5
Ne7 9. Ne1 Nd7 10. Be3 f5 11. f3 f4 12. Bf2 g5 13. Nd3 Nf6 14. c5 h5 15. a4 Ng6
16. a5 g4 17. Rc1 g3 18. hxg3 fxg3 19. Bxg3 h4 20. Bh2 Nh5 21. cxd6 cxd6 22. f4
Ng3 23. f5 Nxf1 24. Bxf1 Nh8 25. Nb5 Rf7 26. b4 Bh6 27. Rc3 a6 28. Na3 Bd7 29.
Nf2 Rc8 30. Rxc8 Bxc8 31. Nc4 Rg7 32. Ng4 Bg5 33. Nxd6 Qxd6 34. Bxe5 Qxb4 35.
Qc2 Bxf5 36. Nf2 Bg6 1/2-1/2

[Event "I Festival di Pavia A"]
[Site "Vigevano ITA"]
[Date "2009.02.15"]
[Round "5"]
[White "Massironi, Marco"]
[Black "Genocchio, Daniele"]
[Result "0-1"]
[WhiteElo "2182"]
[BlackElo "2440"]
[PlyCount "60"]
[EventDate "2009.02.13"]

1. e4 Nf6 2. Nc3 d5 3. e5 Ne4 4. d4 Nxc3 5. bxc3 c5 6. Bb5+ Bd7 7. Bxd7+ Qxd7
8. a4 e6 9. Ne2 Be7 10. O-O Nc6 11. f4 f5 12. Kh1 Nd8 13. g4 fxg4 14. Ng3 h5
15. Qd3 Bh4 16. f5 c4 17. fxe6 Qxe6 18. Qf5 g6 19. Qxe6+ Nxe6 20. Rb1 Rh7 21.
Ba3 O-O-O 22. Bd6 a6 23. Kg2 Rdd7 24. a5 Bd8 25. Bb4 Rdf7 26. Ne2 Kd7 27. Kg3
Ke8 28. Kg2 Rxf1 29. Rxf1 Rf7 30. Rxf7 Kxf7 0-1

[Event "I Festival di Pavia A"]
[Site "Vigevano ITA"]
[Date "2009.02.15"]
[Round "5"]
[White "Pavasovic, Dusko"]
[Black "Stella, Andrea"]
[Result "1-0"]
[WhiteElo "2598"]
[BlackElo "2273"]
[PlyCount "133"]
[EventDate "2009.02.13"]

1. e4 e6 2. d4 d5 3. Nd2 c5 4. Ngf3 cxd4 5. exd5 Qxd5 6. Bc4 Qd6 7. O-O Nf6 8.
Nb3 Nc6 9. Nbxd4 Nxd4 10. Nxd4 a6 11. Re1 Qc7 12. Bb3 Bd6 13. h3 O-O 14. Bg5 b6
15. c3 Bb7 16. Qd3 Bh2+ 17. Kh1 Bf4 18. Bxf6 gxf6 19. Bxe6 fxe6 20. Nxe6 Qd6
21. Nxf4 Qxf4 22. Re7 Bxg2+ 23. Kxg2 Qh6 24. Qe3 Qh5 25. Qg3+ Qg6 26. Rd1 Rf7
27. Rxf7 Qxg3+ 28. fxg3 Kxf7 29. Rd6 b5 30. Kf3 a5 31. Kf4 b4 32. c4 Re8 33.
Rd7+ Kg6 34. Rd2 Re1 35. Rc2 Kf7 36. c5 Ke7 37. c6 Kd8 38. c7+ Kc8 39. h4 Rf1+
40. Ke3 Rg1 41. Kf4 Rf1+ 42. Kg4 f5+ 43. Kh3 Rh1+ 44. Kg2 Ra1 45. b3 Rd1 46.
Kf3 Rf1+ 47. Ke3 Rg1 48. Kf4 Rf1+ 49. Kg5 Rg1 50. Kf4 Rf1+ 51. Ke3 Rg1 52. Kf3
Rf1+ 53. Rf2 Rxf2+ 54. Kxf2 Kxc7 55. Ke3 Kd6 56. Kf4 Ke6 57. Kg5 Ke5 58. Kh6
Kd4 59. Kxh7 Kc3 60. h5 Kb2 61. h6 Kxa2 62. Kg6 a4 63. h7 axb3 64. h8=Q b2 65.
Qa8+ Kb3 66. Qd5+ Kc2 67. Qc4+ 1-0

[Event "I Festival di Pavia A"]
[Site "Vigevano ITA"]
[Date "2009.02.15"]
[Round "5"]
[White "Piccoli, Vincenzo"]
[Black "Brenco, Marco"]
[Result "0-1"]
[WhiteElo "2009"]
[BlackElo "2068"]
[PlyCount "60"]
[EventDate "2009.02.13"]

1. e4 c5 2. Nf3 Nc6 3. d4 cxd4 4. Nxd4 Nf6 5. Nc3 e5 6. Ndb5 d6 7. Bg5 a6 8.
Na3 b5 9. Nd5 Be7 10. Bxf6 Bxf6 11. c4 b4 12. Nc2 Bg5 13. Ncxb4 Nxb4 14. Nxb4
Rb8 15. Nc6 Qc7 16. Nxb8 Qa5+ 17. Ke2 Qb4 18. Qc2 Qxb8 19. h4 Bh6 20. Qb3 Qc7
21. Qa4+ Bd7 22. Qxa6 O-O 23. Rd1 Rb8 24. b3 Rb6 25. Qa8+ Bc8 26. Qa3 Ra6 27.
Qb2 Bg4+ 28. f3 Qa7 29. Qc3 Rxa2+ 30. Ke1 Qf2# 0-1

[Event "I Festival di Pavia A"]
[Site "Vigevano ITA"]
[Date "2009.02.15"]
[Round "5"]
[White "Pokorna, Regina"]
[Black "Tocchioni, Doriano"]
[Result "0-1"]
[WhiteElo "2384"]
[BlackElo "2264"]
[PlyCount "94"]
[EventDate "2009.02.13"]

1. e4 Nc6 2. Nf3 d6 3. Nc3 Nf6 4. d4 d5 5. exd5 Nxd5 6. Nxd5 Qxd5 7. Be2 Bf5 8.
O-O e6 9. Be3 Be7 10. c4 Qd6 11. d5 exd5 12. cxd5 Nb4 13. Nd4 Qxd5 14. Bc4 Qxc4
15. Nxf5 Bf6 16. Rc1 Qd5 17. Qg4 Nc6 18. Rfd1 h5 19. Qh3 Qe4 20. Bc5 Qg4 21.
Qe3+ Be5 22. Ng3 Rd8 23. Re1 Kd7 24. h3 Qa4 25. Qd3+ Kc8 26. Qf5+ Kb8 27. Rxe5
Nxe5 28. Qxe5 h4 29. Nf1 f6 30. Qc3 Rd7 31. Qa3 Qxa3 32. Bxa3 Re8 33. Ne3 b6
34. Rc2 Re4 35. b3 Red4 36. Nf5 Rd1+ 37. Kh2 c5 38. Bc1 g5 39. Ne3 Re1 40. Bb2
f5 41. Bc3 Rb1 42. Be5+ Ka8 43. g3 hxg3+ 44. fxg3 Re1 45. Nc4 Rdd1 46. Ne3 Rxe3
47. Rf2 Rxe5 0-1

[Event "I Festival di Pavia A"]
[Site "Vigevano ITA"]
[Date "2009.02.15"]
[Round "5"]
[White "Ranfagni, Stefano"]
[Black "Sgnaolin, Davide"]
[Result "0-1"]
[WhiteElo "2041"]
[BlackElo "2209"]
[PlyCount "54"]
[EventDate "2009.02.13"]

1. e4 c5 2. Nf3 Nc6 3. g3 g6 4. Bg2 Bg7 5. c3 Nf6 6. e5 Nd5 7. d4 cxd4 8. cxd4
d6 9. O-O O-O 10. Ng5 dxe5 11. dxe5 Ndb4 12. Qe2 Nd4 13. Qc4 Nbc2 14. Rd1 Bg4
15. f3 Rc8 16. Qd3 Bf5 17. Ne4 Nxa1 18. Be3 Ndc2 19. Qe2 Qa5 20. Nbc3 Nxe3 21.
Qxe3 Nc2 22. Qg5 Bxe4 23. Nxe4 Qxe5 24. Qh4 Rce8 25. Rf1 Ne3 26. Ng5 h6 27. f4
hxg5 0-1

[Event "I Festival di Pavia A"]
[Site "Vigevano ITA"]
[Date "2009.02.15"]
[Round "5"]
[White "Rombaldoni, Axel"]
[Black "Rombaldoni, Denis"]
[Result "1-0"]
[WhiteElo "2309"]
[BlackElo "2418"]
[PlyCount "137"]
[EventDate "2009.02.13"]

1. e4 c6 2. d4 d5 3. e5 Bf5 4. Nd2 e6 5. Nb3 Nd7 6. Nf3 Ne7 7. Be2 Nc8 8. Bg5
Qc7 9. Nh4 h6 10. Be3 Be4 11. f3 Bh7 12. f4 Be7 13. Nf3 Ncb6 14. Bd3 Nc4 15.
Bc1 c5 16. Bxh7 Rxh7 17. O-O g6 18. c3 O-O-O 19. Qd3 Kb8 20. Nbd2 cxd4 21. cxd4
Rc8 22. Nb1 Rhh8 23. b3 Na5 24. Bd2 Nc6 25. a3 Qb6 26. b4 a6 27. Nc3 Na7 28.
Rfc1 Rc4 29. Be3 g5 30. f5 Rhc8 31. f6 Bf8 32. Nd2 R4c6 33. Nb3 Qd8 34. Nc5 Nb6
35. a4 Nc4 36. Bf2 R6c7 37. b5 a5 38. Rab1 Rxc5 39. dxc5 Bxc5 40. Bxc5 Rxc5 41.
Re1 Qb6 42. Kh1 Nc8 43. Qh7 Qc7 44. b6 N4xb6 45. Nb5 Qd7 46. Qxh6 Nxa4 47. Nd6
Nxd6 48. exd6 Qxd6 49. Qxg5 Qd7 50. Rbc1 Nc3 51. h4 Qc8 52. h5 d4 53. Re5 Nd5
54. Rxc5 Qxc5 55. h6 Qc2 56. Qh4 Qh7 57. Rg5 Ka8 58. Rg7 Qb1+ 59. Kh2 e5 60. h7
Ne3 61. h8=Q+ Ka7 62. Q8h7 Nf1+ 63. Kh3 Qc1 64. Qd3 Ne3 65. Qg3 Qc8+ 66. Kh2
Qe6 67. Qe1 Qb6 68. Rxf7 e4 69. Qxe4 1-0

[Event "I Festival di Pavia A"]
[Site "Vigevano ITA"]
[Date "2009.02.15"]
[Round "5"]
[White "Rudolf, Anna"]
[Black "Solodovnichenko, Yuri"]
[Result "1/2-1/2"]
[WhiteElo "2316"]
[BlackElo "2571"]
[PlyCount "90"]
[EventDate "2009.02.13"]

1. e4 g6 2. d4 Bg7 3. Nf3 d6 4. Be2 Nf6 5. Nc3 O-O 6. O-O a6 7. a4 Nc6 8. h3 d5
9. e5 Ne4 10. Re1 Bf5 11. Nh4 Be6 12. Nf3 f6 13. exf6 exf6 14. Bd3 Nxc3 15.
bxc3 Qd7 16. Bf4 Rfe8 17. a5 Na7 18. Qb1 Nb5 19. Qb3 Nd6 20. Rab1 Re7 21. Bxd6
cxd6 22. c4 dxc4 23. Bxc4 Bxc4 24. Qxc4+ Rf7 25. Qd5 Rc8 26. Re6 Qc6 27. Qxc6
Rxc6 28. d5 Rxc2 29. Rxd6 Rcc7 30. Rd8+ Rf8 31. Rd6 Rff7 32. Rd8+ Rf8 33. Rd6
Rfc8 34. Rdb6 Rd8 35. Nd4 Rxd5 36. Ne6 Re7 37. Nxg7 Rxg7 38. Rxf6 Rxa5 39. Rfb6
Rb5 40. R1xb5 axb5 41. Rxb5 Kf8 42. f4 Rf7 43. g4 Rxf4 44. Rxb7 Rf7 45. Rb6 Kg7
1/2-1/2

[Event "I Festival di Pavia A"]
[Site "Vigevano ITA"]
[Date "2009.02.15"]
[Round "5"]
[White "Salmoiraghi, Angelo"]
[Black "Motyka, Michal"]
[Result "0-1"]
[WhiteElo "2133"]
[BlackElo "2390"]
[PlyCount "102"]
[EventDate "2009.02.13"]

1. e4 e5 2. Bc4 Nc6 3. Nc3 Nf6 4. d3 Bb4 5. Nge2 d5 6. exd5 Nxd5 7. Bd2 Nb6 8.
Bb3 Na5 9. O-O Nxb3 10. axb3 O-O 11. f4 exf4 12. Nxf4 Bd7 13. Nh5 f5 14. Qf3 g6
15. Bh6 Re8 16. Ne4 Rxe4 17. dxe4 Qh4 18. exf5 Qxh5 19. Qxh5 gxh5 20. c3 Bc5+
21. Kh1 Bc6 22. b4 Bd6 23. Bg5 Kf7 24. Rf2 a6 25. Re1 Rg8 26. Be3 Nd5 27. Kg1
h4 28. Bd4 Nf4 29. Rd2 Bxg2 30. Kf2 Bc6 31. Re3 Rg2+ 32. Ke1 Rg5 33. Kd1 Ba4+
34. b3 Bxb3+ 35. Kc1 Nd5 36. Rf3 Bf4 37. Rxf4 Nxf4 38. Be3 Rxf5 39. Kb2 Be6 40.
Rd8 Nd5 41. Bd4 Rg5 42. Rb8 Rg2+ 43. Kc1 Nf4 44. Rxb7 Ne2+ 45. Kd1 Nxd4 46.
Rxc7+ Kf6 47. cxd4 Rxh2 48. Rc6 Kf5 49. Rxa6 h3 50. Ra5+ Kf4 51. d5 Bg4+ 0-1

[Event "I Festival di Pavia A"]
[Site "Vigevano ITA"]
[Date "2009.02.15"]
[Round "5"]
[White "Tramalloni, Luca"]
[Black "Arnetta, Maria Teresa"]
[Result "1-0"]
[WhiteElo "2126"]
[BlackElo "2024"]
[PlyCount "123"]
[EventDate "2009.02.13"]

1. d4 d5 2. Nf3 Nf6 3. e3 c6 4. Nbd2 Bg4 5. c4 a6 6. Bd3 e6 7. O-O Bd6 8. Qc2
Nbd7 9. b3 Rc8 10. Bb2 c5 11. e4 cxd4 12. exd5 Nxd5 13. Ne4 Be7 14. Nxd4 Nb4
15. Qd2 Nxd3 16. Qxd3 Nc5 17. Nxc5 Bxc5 18. Qe4 Qg5 19. Kh1 O-O 20. Qxb7 Qd2
21. f3 Qxb2 22. fxg4 Qxd4 23. Rad1 Qxg4 24. h3 Qe2 25. Rde1 Qh5 26. Qxa6 Bd4
27. Qb7 Qc5 28. Rd1 e5 29. Rc1 Rc7 30. Qe4 Qa3 31. Rc2 h6 32. Qd5 Qa6 33. Re1
Qg6 34. Rcc1 Qa6 35. Rc2 Rc5 36. Qe4 Qa5 37. Rb1 Qc7 38. Qd3 Rc8 39. Rbc1 Rc6
40. b4 Rg6 41. c5 Rd8 42. Qb3 e4 43. b5 Rb8 44. b6 Qc6 45. a4 Rg5 46. Qb4 e3
47. Qxd4 Re8 48. Re1 Rd5 49. Qc3 Qxa4 50. c6 e2 51. Rcxe2 Rxe2 52. Rxe2 Rd1+
53. Kh2 Qf4+ 54. Qg3 Qf1 55. Qf2 Qh1+ 56. Kg3 Rd6 57. c7 Rg6+ 58. Kh4 Qc1 59.
g4 Rc6 60. Re8+ Kh7 61. Qf5+ Rg6 62. c8=Q 1-0

[Event "I Festival di Pavia A"]
[Site "Vigevano ITA"]
[Date "2009.02.15"]
[Round "5"]
[White "Yakovich, Yuliya"]
[Black "Giretti Kanev, Jasen"]
[Result "1/2-1/2"]
[WhiteElo "2125"]
[BlackElo "2215"]
[PlyCount "85"]
[EventDate "2009.02.13"]

1. e4 c6 2. d4 d5 3. Nc3 dxe4 4. Nxe4 Nf6 5. Nxf6+ gxf6 6. c3 Bf5 7. Nf3 e6 8.
g3 Bd6 9. Bg2 Nd7 10. O-O Qc7 11. Qe2 O-O-O 12. b4 Rdg8 13. b5 c5 14. Nd2 h5
15. Nc4 h4 16. Qf3 hxg3 17. Nxd6+ Qxd6 18. Qxb7+ Kd8 19. hxg3 cxd4 20. cxd4 Bd3
21. Rd1 Rxg3 22. Ba3 Qf4 23. Qa8+ Nb8 24. Rxd3 Rxd3 25. Qxa7 Nd7 26. Qa5+ Ke8
27. Qb4 Rxa3 28. Qxa3 Qxd4 29. Rc1 Nb6 30. Qa7 Rh4 31. Qb8+ Ke7 32. Qc7+ Nd7
33. a4 Rf4 34. Rf1 Rg4 35. Qb7 Qxa4 36. Rc1 Qd4 37. Qc6 Rf4 38. Qc2 Rg4 39. Rd1
Qb6 40. Qd3 Ne5 41. Qa3+ Ke8 42. Qa8+ Ke7 43. Qa3+ 1/2-1/2

[Event "I Festival di Pavia A"]
[Site "Vigevano ITA"]
[Date "2009.02.15"]
[Round "5"]
[White "Zinani, Alessandro"]
[Black "Pulito, Alberto"]
[Result "0-1"]
[WhiteElo "2211"]
[BlackElo "2251"]
[PlyCount "202"]
[EventDate "2009.02.13"]

1. d4 d5 2. Bg5 f6 3. Bf4 e6 4. e3 Nc6 5. Bd3 g6 6. Nf3 Bg7 7. c4 Nge7 8. Bg3
O-O 9. Nc3 Nb4 10. Be2 a5 11. a3 Na6 12. Rc1 c6 13. O-O Nf5 14. Qb3 Nxg3 15.
hxg3 Kh8 16. Rfd1 Nc7 17. e4 Bh6 18. Rc2 a4 19. Qa2 Re8 20. b3 axb3 21. Qxb3
Bf8 22. a4 Qe7 23. Rb1 Qd8 24. Rd2 Bh6 25. Rdd1 Bf8 26. Ne1 f5 27. cxd5 exd5
28. e5 Ne6 29. Nf3 Qa5 30. Rdc1 Bh6 31. Rc2 Qa7 32. Rd1 Qa5 33. Ra2 Bf8 34. Bf1
Qb4 35. Qc2 Bh6 36. Rb1 Qa5 37. Qb3 Bf8 38. Rbb2 Bh6 39. Bd3 Bf8 40. Ne2 Bh6
41. Nd2 Kg8 42. f4 Qa7 43. Nf3 Qa5 44. Qc2 Qd8 45. Qd2 Bf8 46. a5 c5 47. Bb5
Bd7 48. dxc5 Bxc5+ 49. Kh2 Re7 50. Qxd5 Bxb5 51. Qxd8+ Rxd8 52. Rxb5 Rdd7 53.
Rc2 Be3 54. Rc3 Bf2 55. Ra3 Nc5 56. Ra2 Be3 57. Rc2 Ne4 58. Rb3 Nf2 59. Rb1
Ng4+ 60. Kh3 Kg7 61. Ra2 Re6 62. Ng5 Ree7 63. Nf3 Re6 64. Rab2 Ree7 65. Rb3 Bc5
66. Nc3 Nf2+ 67. Kh2 Ng4+ 68. Kh1 Nf2+ 69. Kh2 Ng4+ 70. Kh1 Nf2+ 71. Kg1 Ne4+
72. Kh2 Bf2 73. Ne2 h6 74. Ra3 Re6 75. Rc1 Rde7 76. Nfd4 Ra6 77. Rb1 Rd7 78.
Nf3 Rc6 79. Rb2 Rcc7 80. Rba2 Rc6 81. Rb2 Rcc7 82. Ra1 Rc6 83. Raa2 Ra6 84. Rc2
Re6 85. Rc1 Ree7 86. Rc8 Be3 87. Ra1 Re6 88. Rc2 Bf2 89. Rca2 Ra6 90. Rc2 Re6
91. Rc4 Be3 92. g4 Nf2 93. gxf5 gxf5 94. Nfd4 Ng4+ 95. Kg3 Bf2+ 96. Kh3 Kg6 97.
Nxe6 Rd3+ 98. g3 Rd2 99. Nc1 Bd4 100. Ra2 Bb2 101. Nf8+ Kh5 0-1

[Event "C.to Provinciale RC"]
[Site "Locri ITA"]
[Date "2009.02.20"]
[Round "1"]
[White "Fariselli, Umberto"]
[Black "Musolino, Anna"]
[Result "1-0"]
[WhiteElo "1518"]
[BlackElo "1464"]
[PlyCount "54"]
[EventDate "2009.02.20"]

1. e4 e5 2. Nf3 d6 3. Nc3 Nf6 4. Bc4 Nc6 5. Ng5 Be6 6. Nxe6 fxe6 7. Bxe6 Nd4 8.
Bc4 Qd7 9. d3 Qg4 10. Qxg4 Nxg4 11. Bb3 Be7 12. f3 Nf6 13. Be3 Nc6 14. a3 a6
15. O-O O-O-O 16. Ne2 d5 17. c3 d4 18. cxd4 Nxd4 19. Nxd4 exd4 20. Bf4 Rhf8 21.
Be5 Bc5 22. h3 Nh5 23. Rac1 b6 24. Be6+ Kb8 25. b4 Rfe8 26. bxc5 Rxe6 27. Bh2
b5 1-0

[Event "C.to Provinciale RC"]
[Site "Locri ITA"]
[Date "2009.02.21"]
[Round "2"]
[White "Altomonte, Giuseppe"]
[Black "Mercuri, Delia"]
[Result "1-0"]
[WhiteElo "1743"]
[BlackElo "1442"]
[PlyCount "101"]
[EventDate "2009.02.20"]

1. d4 d5 2. c4 e6 3. Nc3 Nf6 4. Bg5 Be7 5. e3 O-O 6. Bd3 dxc4 7. Bxc4 a6 8. a4
c6 9. Nge2 Nd5 10. Bxe7 Qxe7 11. Qd2 Nd7 12. a5 f5 13. O-O N7f6 14. f3 Bd7 15.
e4 fxe4 16. fxe4 Nc7 17. Qg5 Qb4 18. Bd3 e5 19. dxe5 Qc5+ 20. Kh1 Ng4 21. h3
Nf2+ 22. Rxf2 Rxf2 23. Ng3 Raf8 24. Nd1 Ne6 25. Qg4 R2f4 26. Qh5 Be8 27. Qe2
Qxe5 28. Bc4 Kh8 29. Ne3 Rf2 30. Qg4 Nd4 31. Nef5 Nxf5 32. Nxf5 Bg6 33. Qh4
Qxb2 34. Rg1 Bxf5 35. exf5 Qd2 36. Be6 Rf4 37. Qe7 Qd8 38. Qxb7 Qxa5 39. Qxc6
Qd2 40. Qxa6 Rh4 41. Qa3 Rd8 42. Qg3 Qf4 43. Qb3 Qb4 44. Qe3 Qd2 45. Qc5 Rhd4
46. Qe7 Qh6 47. Re1 Qf6 48. Qc7 Rd2 49. Qc6 Qb2 50. Bf7 Rxg2 51. Re8+ 1-0

[Event "C.to Provinciale RC"]
[Site "Locri ITA"]
[Date "2009.02.21"]
[Round "2"]
[White "Barbera, Giuseppe"]
[Black "Tricomi, Massimo"]
[Result "0-1"]
[WhiteElo "1510"]
[BlackElo "1874"]
[PlyCount "88"]
[EventDate "2009.02.20"]

1. e4 d5 2. e5 Bf5 3. d4 e6 4. Nf3 c5 5. c3 Nc6 6. Bb5 a6 7. Ba4 b5 8. Bc2 Bxc2
9. Qxc2 cxd4 10. cxd4 Rc8 11. Qd1 Bb4+ 12. Bd2 Bxd2+ 13. Nbxd2 Nge7 14. a3 Nf5
15. Nb3 O-O 16. O-O a5 17. Rc1 Qe7 18. Nc5 Nh4 19. g3 Nxf3+ 20. Qxf3 Nxd4 21.
Qe3 Nf5 22. Qc3 d4 23. Qc2 Rfd8 24. b4 d3 25. Qd2 axb4 26. axb4 Rd5 27. Rc3
Rcd8 28. Kg2 Rxe5 29. Rxd3 Red5 30. Rxd5 Rxd5 31. Qa2 Qe8 32. Qa6 Rd6 33. Qb7
Qc6+ 34. Kg1 Qxb7 35. Nxb7 Rd4 36. Rc1 Kf8 37. Rb1 Ne7 38. Ra1 Nc6 39. Na5 Nxb4
40. Rb1 Ke8 41. Kf1 Kd7 42. Ke2 Nd5 43. Rb3 b4 44. Nc4 Rxc4 0-1

[Event "C.to Provinciale RC"]
[Site "Locri ITA"]
[Date "2009.02.21"]
[Round "2"]
[White "Levato, Biagio"]
[Black "Cordi', Domenico"]
[Result "0-1"]
[WhiteElo "1546"]
[BlackElo "2052"]
[PlyCount "58"]
[EventDate "2009.02.20"]

1. e4 c5 2. Nf3 e6 3. d3 Nc6 4. g3 d6 5. Bg2 Nf6 6. O-O Be7 7. Re1 Qc7 8. Nbd2
O-O 9. a4 b6 10. Nc4 Bb7 11. e5 dxe5 12. Ncxe5 Nxe5 13. Bf4 Nxf3+ 14. Bxf3 Qd7
15. Qe2 Bxf3 16. Qxf3 Qd5 17. Qxd5 Nxd5 18. Bd2 Bf6 19. c3 Rfd8 20. Rad1 Rd7
21. Be3 Rad8 22. d4 Nxe3 23. fxe3 e5 24. Kf2 Kf8 25. Kf3 exd4 26. e4 dxc3 27.
Rxd7 Rxd7 28. e5 Bxe5 29. Rxe5 c2 0-1

[Event "C.to Provinciale RC"]
[Site "Locri ITA"]
[Date "2009.02.21"]
[Round "2"]
[White "Valotta, Massimiliano"]
[Black "Zampaglione, Davide"]
[Result "1-0"]
[WhiteElo "1889"]
[BlackElo "1572"]
[PlyCount "65"]
[EventDate "2009.02.20"]

1. d4 d5 2. c4 Nf6 3. Nf3 e6 4. e3 c6 5. Be2 Nbd7 6. O-O Be7 7. Nc3 O-O 8. b3
b6 9. Qc2 Bb7 10. Bb2 Rc8 11. Rad1 Qc7 12. Rfe1 Rfe8 13. e4 dxe4 14. Nxe4 Nxe4
15. Qxe4 c5 16. Qg4 Nf6 17. Qh3 Rcd8 18. Bd3 Bxf3 19. gxf3 cxd4 20. Kh1 Bb4 21.
Rg1 Bc3 22. Bc1 Bb4 23. Bg5 Kf8 24. Bxh7 Nxh7 25. Qxh7 f6 26. Bxf6 Qf7 27. Qh8+
Qg8 28. Bxg7+ Kf7 29. Qh5+ Ke7 30. Qg5+ Kd6 31. Qe5+ Kd7 32. Qb5+ Kc8 33. Qc6+
1-0